Biomaterials surface science / (Record no. 2604)
[ view plain ]
| 000 -LEADER | |
|---|---|
| fixed length control field | 00827cam a2200253 i 4500 |
| 008 - FIXED-LENGTH DATA ELEMENTS--GENERAL INFORMATION | |
| fixed length control field | 140318t20132013gw a b 001 0 eng c |
| 020 ## - INTERNATIONAL STANDARD BOOK NUMBER | |
| ISBN | 9783527330317 (alk. paper) |
| 020 ## - INTERNATIONAL STANDARD BOOK NUMBER | |
| ISBN | 3527330313 (alk. paper) |
| 245 00 - TITLE STATEMENT | |
| Title | Biomaterials surface science / |
| Statement of responsibility, etc | edited by Andreas Taubert, João F. Mano, and J. Carlos Rodríguez-Cabello. |
| 260 ## - PUBLICATION, DISTRIBUTION, ETC. (IMPRINT) | |
| Place of publication | Weinheim |
| Name of publisher | Wiley VCH |
| Date of publication | 2013 |
| 300 ## - COLLATION | |
| Pagination | xxxii, 581 pages : |
| Other physical details | illustrations (some color) ; |
| 650 #0 - TRACINGS | |
| Main Subject | Biomedical materials. |
| 650 #0 - TRACINGS | |
| Main Subject | Surface chemistry. |
| 650 12 - TRACINGS | |
| Main Subject | Biocompatible Materials. |
| 650 12 - TRACINGS | |
| Main Subject | Surface Properties. |
| 650 #7 - TRACINGS | |
| Main Subject | Biomaterial |
| 650 #7 - TRACINGS | |
| Main Subject | Oberflächenchemie |
| 700 1# - ADDITIONAL AUTHOR | |
| Additional Author | Taubert, Andreas, |
| 700 1# - ADDITIONAL AUTHOR | |
| Additional Author | Mano, João F., |
| 700 1# - ADDITIONAL AUTHOR | |
| Additional Author | Rodríguez-Cabello, J. Carlos, |
| 942 ## - ADDED ENTRY ELEMENTS (KOHA) | |
| Item type | Books |
| 050 00 - LIBRARY OF CONGRESS CALL NUMBER | |
| Classification number | R857.M3 |
| Item number | B57385 2013 |
| 082 00 - DEWEY DECIMAL CLASSIFICATION NUMBER | |
| Classification number | 610.28/4 |
| Source of classification or shelving scheme | Not for loan | Permanent location | Current location | Date acquired | Accession No. | Full call number | Barcode. | Koha item type |
|---|---|---|---|---|---|---|---|---|
| Library of Congress Classification | Medical Library | Medical Library | 03/21/2025 | 2024/63811 | R857.M3.B56 | 2025-0888 | Books |